Reeder and Felson's Gamuts in Radiology (Record no. 33676)

MARC details
000 -LEADER
fixed length control field 00473nam a22001937a 4500
005 - DATE AND TIME OF LATEST TRANSACTION
control field 20231004093427.0
008 - FIXED-LENGTH DATA ELEMENTS--GENERAL INFORMATION
fixed length control field 230922b |||||||| |||| 00| 0 eng d
020 ## - INTERNATIONAL STANDARD BOOK NUMBER
ISBN 0387978917
082 ## - DEWEY DECIMAL CLASSIFICATION NUMBER
Classification number 616.07572
Item number REE-R
100 ## - MAIN ENTRY--AUTHOR
Author Name Reeder,Maurice M.
245 ## - TITLE STATEMENT
Title Reeder and Felson's Gamuts in Radiology
250 ## - EDITION STATEMENT
Edition statement 3rd.ed.
260 ## - PUBLICATION, DISTRIBUTION, ETC.
Place of Publication USA
Name of publisher, distributor, etc. Springer
Date of publication, distribution, etc. 1993
300 ## - PHYSICAL DESCRIPTION
Pages 686
500 ## - GENERAL NOTE
General note Include Index
650 ## - SUBJECT ADDED ENTRY--TOPICAL TERM
Subject / Department Medical
700 ## - ADDED ENTRY--PERSONAL NAME
Personal name Maurice M.Reeder
952 ## - LOCATION AND ITEM INFORMATION (KOHA)
-- 0
-- 0
Holdings
Lost status Damaged status Collection code Permanent Location Current Location Shelving Location Date acquired Full Call Number Accession No./Barcode Date last seen item type
      Superior Information Resource Center (SIRC) Superior University- Central Library Superior Information Resource Center (SIRC) Superior University- Central Library medical 09/22/2023 616.07572 REE-R 1993 20581 09/22/2023 BOOK

Powered by Koha